000 00353nam a2200109Ia 4500
008 220204s9999 xx 000 0 und d
082 _a338.43(540+510)
_bIND
245 0 _aReport of the Indian delegation to China on agricultural planning and techniques.
260 _aDelhi
_bManager of Publications
_c1956
650 _aAgricultural planning
942 _cBK
999 _c20063
_d20063